[Event "Kesan op 16th"]
[Site "Kesan"]
[Date "2018.08.12"]
[Round "1"]
[White "Iskandarov, Misratdin"]
[Black "Aymis, Mustafa Alper"]
[Result "1-0"]
[WhiteElo "2486"]
[BlackElo "1250"]
[PlyCount "87"]
[EventDate "2018.08.12"]
[EventType "swiss"]
[EventRounds "9"]
[EventCountry "TUR"]
[SourceTitle "CBM 186 Extra"]
[Source "ChessBase"]
[SourceDate "2018.08.24"]
[SourceVersion "1"]
[SourceVersionDate "2018.08.24"]
[SourceQuality "1"]

1. e4 e5 2. Nf3 Nc6 3. Nc3 Nf6 4. Bb5 Bb4 5. 0-0 0-0 6. d3 d6 7. Bg5 Bxc3 8. bxc3 Bg4 9. h3 Bh5 10. g4 Bg6 11. a4 a6 12. Bc4 h6 13. Bh4 Nb8 14. Nd2 Nbd7 15. f4 c6 16. f5 Bh7 17. Qf3 Qb6+ 18. Bf2 Qb2 19. d4 Qb6 20. dxe5 Nxe5 21. Bxb6 Nxf3+ 22. Rxf3 Rfe8 23. Rf4 Nd7 24. Bd4 c5 25. Bf2 Re7 26. Rb1 Ne5 27. Bd5 Rb8 28. Nf3 Kh8 29. Nxe5 dxe5 30. Bxc5 Rd7 31. Rf3 Rc8 32. Ba3 Rcc7 33. h4 g6 34. fxg6 Bxg6 35. h5 Bh7 36. Rb6 Kg7 37. Bd6 Rc8 38. Bxe5+ Kg8 39. Rxh6 Re8 40. Rf5 Rde7 41. Rg5+ Kf8 42. Rxh7 Rd7 43. Bf6 Rd6 44. Rh8# 1-0